[Event "d12b"]
[Site "?"]
[Date "2020.08.30"]
[Round "4.5"]
[White "Opalka, Marta"]
[Black "Popczynska, Maja"]
[Result "1/2-1/2"]
[BlackElo "1129"]
[WhiteElo "1068"]
[LiveChessVersion "1.4.8"]

1. e4 e6 2. Nf3 d5 3. e5 c5 4. d4 Nc6 5. c3 Qb6 6. Bd3 Bd7 7. O-O cxd4 8. cxd4
Nxd4 9. Be3 Nxf3+ 10. Qxf3 Qxb2 11. Nd2 Qxe5 12. Rab1 Bc6 13. Bb5 Qf6 14. Qg3 e5
15. Nf3 Bd6 16. Bxc6+ bxc6 17. Nd2 {[%clk 0:02:27]} Nh6 {[%clk 0:01:11]} 18. Rfc1
{[%clk 0:02:28]} Rc8 {[%clk 0:01:11]} 19. Rb7 {[%clk 0:02:27]} O-O
{[%clk 0:01:07]} 20. Rxa7 {[%clk 0:02:23]} e4 {[%clk 0:01:03]} 21. Qh3
{[%clk 0:02:13]} d4 {[%clk 0:01:02]} 22. Bxh6 {[%clk 0:02:01]} Qxh6
{[%clk 0:00:59]} 23. Nxe4 {[%clk 0:02:02]} Qxh3 {[%clk 0:00:57]} 24. gxh3
{[%clk 0:02:03]} Be5 {[%clk 0:00:56]} 25. Ra6 {[%clk 0:02:00]} c5
{[%clk 0:00:57]} 26. Nxc5 {[%clk 0:01:58]} Rfe8 27. Ra5 {[%clk 0:01:50]} Bd6
{[%clk 0:00:55]} 28. Rc4 {[%clk 0:01:39]} Bxc5 {[%clk 0:00:56]} 29. Raxc5 Rxc5
{[%clk 0:00:56]} 30. Rxc5 {[%clk 0:01:39]} Rd8 {[%clk 0:00:57]} 31. Kf1 d3 32.
Ke1 d2+ 33. Kd1 f6 34. a4 Kf7 35. a5 Ke6 36. Rc2 Ra8 37. Kxd2 Rxa5
{[%clk 0:00:49]} 38. Rc6+ {[%clk 0:01:39]} Kf5 {[%clk 0:00:49]} 39. Rc7
{[%clk 0:01:39]} Kg6 {[%clk 0:00:50]} 40. Ke3 {[%clk 0:01:39]} Re5+
{[%clk 0:00:51]} 41. Kf3 Rf5+ 42. Kg2 {[%clk 0:01:38]} h5 {[%clk 0:00:51]} 43.
Rc3 {[%clk 0:01:37]} Rg5+ {[%clk 0:00:52]} 44. Rg3 {[%clk 0:01:37]} Rxg3+
{[%clk 0:00:50]} 45. hxg3 {[%clk 0:01:36]} Kg5 1/2-1/2

[Event "d12b"]
[Site "?"]
[Date "2020.08.30"]
[Round "4.6"]
[White "Mitrega, Wiktoria"]
[Black "Banasiak, Adrianna"]
[Result "1-0"]
[BlackElo "1235"]
[WhiteElo "1143"]
[LiveChessVersion "1.4.8"]

1. c4 {[%clk 0:03:04]} e5 {[%clk 0:03:02]} 2. Nc3 {[%clk 0:03:05]} Nf6
{[%clk 0:03:02]} 3. g3 {[%clk 0:03:05]} Bb4 {[%clk 0:03:02]} 4. Bg2
{[%clk 0:03:06]} d6 {[%clk 0:03:02]} 5. Nf3 {[%clk 0:03:03]} Nbd7
{[%clk 0:02:56]} 6. d3 {[%clk 0:03:04]} c6 {[%clk 0:02:56]} 7. Bd2 Bxc3
{[%clk 0:02:52]} 8. Bxc3 {[%clk 0:03:06]} O-O {[%clk 0:02:52]} 9. O-O
{[%clk 0:03:06]} Re8 {[%clk 0:02:47]} 10. Re1 {[%clk 0:03:07]} d5
{[%clk 0:02:43]} 11. cxd5 {[%clk 0:02:59]} cxd5 {[%clk 0:02:38]} 12. e3
{[%clk 0:03:01]} e4 {[%clk 0:02:24]} 13. dxe4 {[%clk 0:03:01]} dxe4
{[%clk 0:02:24]} 14. Nd4 {[%clk 0:03:02]} Nc5 {[%clk 0:02:16]} 15. Nb3
{[%clk 0:02:13]} Nd3 {[%clk 0:01:49]} 16. Rf1 {[%clk 0:02:12]} Bg4
{[%clk 0:01:38]} 17. Qd2 {[%clk 0:02:03]} Bf3 {[%clk 0:01:34]} 18. Nc1
{[%clk 0:01:56]} Bxg2 {[%clk 0:01:29]} 19. Kxg2 {[%clk 0:01:58]} Nxc1
{[%clk 0:01:27]} 20. Raxc1 {[%clk 0:01:37]} Qxd2 {[%clk 0:01:26]} 21. Bxd2
{[%clk 0:01:39]} Rad8 {[%clk 0:01:26]} 22. Bc3 {[%clk 0:01:39]} Nd5
{[%clk 0:01:23]} 23. Bd4 {[%clk 0:01:33]} a6 {[%clk 0:01:20]} 24. a3
{[%clk 0:01:34]} f5 {[%clk 0:01:18]} 25. Rfd1 {[%clk 0:01:25]} Rc8
{[%clk 0:00:57]} 26. Rxc8 {[%clk 0:01:12]} Rxc8 {[%clk 0:00:58]} 27. Bxg7
{[%clk 0:01:08]} Nxe3+ {[%clk 0:00:43]} 28. fxe3 {[%clk 0:01:08]} Kxg7
{[%clk 0:00:41]} 29. Rd7+ {[%clk 0:01:09]} Kg6 {[%clk 0:00:41]} 30. Rxb7
{[%clk 0:01:10]} Rc2+ {[%clk 0:00:35]} 31. Kg1 {[%clk 0:01:04]} Kg5
{[%clk 0:00:27]} 32. Rg7+ {[%clk 0:00:59]} Kf6 {[%clk 0:00:21]} 33. Rxh7
{[%clk 0:00:52]} Rxb2 {[%clk 0:00:21]} 34. Rh6+ {[%clk 0:00:53]} Ke5
{[%clk 0:00:22]} 35. Rxa6 {[%clk 0:00:54]} Re2 {[%clk 0:00:19]} 36. Ra5+
{[%clk 0:00:54]} Kf6 {[%clk 0:00:18]} 37. Rc5 {[%clk 0:00:47]} Rxe3
{[%clk 0:00:19]} 38. a4 {[%clk 0:00:47]} Re1+ {[%clk 0:00:18]} 39. Kf2
{[%clk 0:00:47]} Ra1 {[%clk 0:00:19]} 40. Ra5 {[%clk 0:00:47]} Ke6
{[%clk 0:00:14]} 41. Ra6+ {[%clk 0:00:39]} Ke5 {[%clk 0:00:13]} 42. a5
{[%clk 0:00:37]} Ra2+ {[%clk 0:00:12]} 43. Ke3 {[%clk 0:00:26]} Rxh2
{[%clk 0:00:08]} 44. Ra8 {[%clk 0:00:27]} Rh3 {[%clk 0:00:08]} 45. Kf2
{[%clk 0:00:26]} Rh2+ {[%clk 0:00:09]} 46. Ke3 {[%clk 0:00:27]} Ra2
{[%clk 0:00:10]} 47. a6 {[%clk 0:00:28]} Ra3+ {[%clk 0:00:11]} 48. Kf2
{[%clk 0:00:28]} Kd6 {[%clk 0:00:11]} 49. Rf8 {[%clk 0:00:27]} Ke6
{[%clk 0:00:12]} 50. Ra8 {[%clk 0:00:26]} Kd6 {[%clk 0:00:13]} 51. a7
{[%clk 0:00:26]} Kc7 {[%clk 0:00:14]} 52. Rf8 {[%clk 0:00:27]} Kb7
{[%clk 0:00:12]} 53. Rxf5 {[%clk 0:00:26]} Kxa7 {[%clk 0:00:11]} 54. Re5
{[%clk 0:00:27]} Ra4 {[%clk 0:00:10]} 55. Ke3 {[%clk 0:00:28]} Ra3+ 56. Kf4
{[%clk 0:00:27]} Kb7 {[%clk 0:00:07]} 57. Rxe4 {[%clk 0:00:27]} Kc7 58. g4
{[%clk 0:00:28]} Kd7 {[%clk 0:00:09]} 59. g5 {[%clk 0:00:28]} Ra8
{[%clk 0:00:10]} 60. Kf5 {[%clk 0:00:28]} Rf8+ {[%clk 0:00:10]} 61. Kg6
{[%clk 0:00:29]} Kd6 {[%clk 0:00:09]} 62. Kg7 {[%clk 0:00:29]} Rf2
{[%clk 0:00:09]} 63. Kg6 {[%clk 0:00:24]} Kd5 {[%clk 0:00:11]} 64. Re8
{[%clk 0:00:24]} Kd6 {[%clk 0:00:12]} 65. Kg7 {[%clk 0:00:23]} Kd7
{[%clk 0:00:13]} 66. Re1 {[%clk 0:00:22]} Kd6 {[%clk 0:00:13]} 67. g6
{[%clk 0:00:23]} Kd7 {[%clk 0:00:15]} 68. Kg8 {[%clk 0:00:23]} Kd6
{[%clk 0:00:14]} 69. g7 {[%clk 0:00:24]} Kd7 {[%clk 0:00:13]} 70. Rh1
{[%clk 0:00:20]} Ke7 {[%clk 0:00:11]} 71. Kh8 {[%clk 0:00:21]} Rf7
{[%clk 0:00:03]} 72. g8=Q {[%clk 0:00:21]} Rf8 {[%clk 0:00:04]} 73. Qxf8+
{[%clk 0:00:21]} Kxf8 74. Re1 {[%clk 0:00:21]} Kf7 {[%clk 0:00:06]} 75. Kh7
{[%clk 0:00:21]} Kf6 {[%clk 0:00:08]} 76. Kg8 {[%clk 0:00:22]} Kf5
{[%clk 0:00:09]} 77. Kf7 {[%clk 0:00:23]} Kf4 {[%clk 0:00:11]} 78. Ke6
{[%clk 0:00:23]} Kf3 {[%clk 0:00:11]} 79. Ke5 {[%clk 0:00:23]} Kf2
{[%clk 0:00:12]} 80. Re4 {[%clk 0:00:24]} Kf3 {[%clk 0:00:13]} 81. Kd4
{[%clk 0:00:24]} Kg3 {[%clk 0:00:14]} 82. Ke3 {[%clk 0:00:24]} Kg2
{[%clk 0:00:15]} 83. Rf4 {[%clk 0:00:25]} Kg3 {[%clk 0:00:16]} 84. Rf8
{[%clk 0:00:26]} Kg4 {[%clk 0:00:17]} 85. Ke4 {[%clk 0:00:24]} Kg3
{[%clk 0:00:18]} 86. Rf7 {[%clk 0:00:23]} Kg2 {[%clk 0:00:20]} 87. Ke3
{[%clk 0:00:24]} Kg3 {[%clk 0:00:21]} 88. Rg7+ {[%clk 0:00:25]} Kh3
{[%clk 0:00:22]} 89. Kf4 {[%clk 0:00:26]} Kh2 {[%clk 0:00:22]} 90. Kf3
{[%clk 0:00:27]} Kh1 {[%clk 0:00:24]} 91. Kf2 {[%clk 0:00:28]} Kh2
{[%clk 0:00:25]} 92. Rh7# {[%clk 0:03:02]} 1-0

[Event "d12b"]
[Site "?"]
[Date "2020.08.30"]
[Round "4.7"]
[White "Dzierzgowska, Jagoda"]
[Black "Konkol, Sandra"]
[Result "0-1"]
[BlackElo "1141"]
[WhiteElo "1229"]
[LiveChessVersion "1.4.8"]

1. d4 {[%clk 0:03:03]} d6 {[%clk 0:03:03]} 2. Nf3 {[%clk 0:03:03]} Nf6
{[%clk 0:03:03]} 3. Bf4 {[%clk 0:03:04]} c6 {[%clk 0:03:04]} 4. e3
{[%clk 0:03:04]} Bg4 {[%clk 0:03:05]} 5. c4 {[%clk 0:03:04]} e6 {[%clk 0:03:05]}
6. Nc3 {[%clk 0:03:02]} d5 {[%clk 0:03:06]} 7. h3 {[%clk 0:02:59]} Bh5
{[%clk 0:03:06]} 8. c5 {[%clk 0:02:56]} Be7 {[%clk 0:03:03]} 9. Be2
{[%clk 0:02:52]} O-O {[%clk 0:03:03]} 10. Bg5 {[%clk 0:02:52]} Nbd7
{[%clk 0:03:02]} 11. Ne5 {[%clk 0:02:49]} Bxe2 {[%clk 0:03:01]} 12. Qxe2
{[%clk 0:02:50]} Nxe5 {[%clk 0:02:58]} 13. dxe5 {[%clk 0:02:51]} Nd7
{[%clk 0:02:59]} 14. Bxe7 {[%clk 0:02:51]} Qxe7 {[%clk 0:02:59]} 15. f4
{[%clk 0:02:46]} Nxc5 {[%clk 0:02:59]} 16. b4 {[%clk 0:02:42]} Nd7
{[%clk 0:02:54]} 17. a3 {[%clk 0:02:43]} b6 {[%clk 0:02:52]} 18. h4
{[%clk 0:02:43]} c5 {[%clk 0:02:48]} 19. b5 {[%clk 0:02:37]} Rac8
{[%clk 0:02:41]} 20. h5 {[%clk 0:02:34]} f6 {[%clk 0:02:30]} 21. exf6
{[%clk 0:02:21]} Nxf6 {[%clk 0:02:29]} 22. h6 {[%clk 0:02:21]} g6
{[%clk 0:02:28]} 23. g4 {[%clk 0:02:20]} d4 {[%clk 0:02:15]} 24. exd4
{[%clk 0:02:16]} cxd4 {[%clk 0:02:15]} 25. Ne4 {[%clk 0:02:16]} Nd5
{[%clk 0:02:11]} 26. g5 {[%clk 0:02:08]} Nxf4 {[%clk 0:02:09]} 27. Qg4
{[%clk 0:02:03]} e5 {[%clk 0:02:03]} 28. Nf6+ {[%clk 0:02:02]} Kh8
{[%clk 0:01:57]} 29. Kd2 {[%clk 0:01:52]} Ne6 {[%clk 0:01:50]} 30. Rhg1
{[%clk 0:01:37]} Nxg5 {[%clk 0:01:43]} 31. Rgf1 {[%clk 0:01:16]} Rxf6
{[%clk 0:01:37]} 32. Qxg5 {[%clk 0:01:15]} Rf2+ {[%clk 0:01:36]} 33. Rxf2
{[%clk 0:01:07]} Qxg5+ {[%clk 0:01:36]} 0-1

[Event "d12b"]
[Site "?"]
[Date "2020.08.30"]
[Round "5.1"]
[White "Szczotka, Klara"]
[Black "Natoli, Alessia"]
[Result "1-0"]
[BlackElo "1302"]
[WhiteElo "1654"]
[LiveChessVersion "1.4.8"]

1. e4 {[%clk 0:03:03]} c5 2. Nf3 e6 3. d4 cxd4 {[%clk 0:03:01]} 4. Nxd4
{[%clk 0:03:07]} Nf6 {[%clk 0:02:50]} 5. Nc3 {[%clk 0:02:51]} Bb4
{[%clk 0:02:48]} 6. Bd3 {[%clk 0:02:50]} Nc6 {[%clk 0:02:49]} 7. Be3
{[%clk 0:02:40]} d5 {[%clk 0:02:48]} 8. Nxc6 {[%clk 0:02:40]} bxc6
{[%clk 0:02:46]} 9. exd5 {[%clk 0:02:14]} Nxd5 {[%clk 0:02:21]} 10. Bd2
{[%clk 0:02:13]} Nxc3 {[%clk 0:02:10]} 11. bxc3 {[%clk 0:02:14]} Be7
{[%clk 0:01:56]} 12. O-O {[%clk 0:01:57]} O-O {[%clk 0:01:56]} 13. Qf3
{[%clk 0:01:58]} Qc7 {[%clk 0:01:47]} 14. Rfe1 {[%clk 0:01:41]} Bd6
{[%clk 0:01:47]} 15. h3 {[%clk 0:01:36]} Bb7 {[%clk 0:01:34]} 16. Rab1
{[%clk 0:01:30]} c5 {[%clk 0:01:26]} 17. Rxb7 {[%clk 0:01:31]} Qa5 18. Bc4 Rab8
{[%clk 0:01:02]} 19. Reb1 {[%clk 0:01:25]} Rfd8 {[%clk 0:00:54]} 20. Qxf7+
{[%clk 0:01:25]} Kh8 {[%clk 0:00:54]} 21. Qxg7# 1-0

[Event "d12b"]
[Site "?"]
[Date "2020.08.30"]
[Round "5.2"]
[White "Kulczycka, Zofia"]
[Black "Sprzeczka, Emilia"]
[Result "1/2-1/2"]
[BlackElo "1177"]
[WhiteElo "1116"]
[LiveChessVersion "1.4.8"]

1. e4 {[%clk 0:03:03]} e5 {[%clk 0:03:03]} 2. Nf3 {[%clk 0:03:04]} Nc6
{[%clk 0:03:04]} 3. Bb5 {[%clk 0:03:04]} a6 {[%clk 0:03:06]} 4. Ba4
{[%clk 0:03:05]} Nf6 {[%clk 0:03:06]} 5. O-O {[%clk 0:03:05]} Bc5
{[%clk 0:03:07]} 6. Qe2 {[%clk 0:03:04]} d6 {[%clk 0:03:07]} 7. h3
{[%clk 0:03:04]} O-O {[%clk 0:03:07]} 8. c3 {[%clk 0:03:05]} h6 {[%clk 0:02:54]}
9. Rd1 {[%clk 0:03:04]} Bd7 {[%clk 0:02:22]} 10. d4 {[%clk 0:02:55]} exd4
{[%clk 0:02:22]} 11. Bxc6 {[%clk 0:02:43]} Bxc6 {[%clk 0:02:11]} 12. cxd4
{[%clk 0:02:44]} Bb6 {[%clk 0:01:57]} 13. Nc3 {[%clk 0:02:34]} Re8
{[%clk 0:01:49]} 14. e5 {[%clk 0:02:33]} Nh7 {[%clk 0:01:35]} 15. Be3
{[%clk 0:02:07]} Bxf3 {[%clk 0:01:19]} 16. Qxf3 {[%clk 0:02:07]} c6
{[%clk 0:01:11]} 17. exd6 {[%clk 0:02:04]} Qxd6 {[%clk 0:01:10]} 18. Bf4
{[%clk 0:02:02]} Qf6 {[%clk 0:01:04]} 19. d5 {[%clk 0:01:58]} cxd5
{[%clk 0:01:00]} 20. Nxd5 {[%clk 0:01:58]} Qc6 {[%clk 0:00:57]} 21. Nxb6 Qxb6
{[%clk 0:00:57]} 22. b3 {[%clk 0:01:47]} Rad8 {[%clk 0:00:50]} 23. Rac1
{[%clk 0:01:46]} Rxd1+ {[%clk 0:00:43]} 24. Rxd1 {[%clk 0:01:46]} Nf6
{[%clk 0:00:36]} 25. Be3 {[%clk 0:01:41]} Qc7 {[%clk 0:00:33]} 26. Bd4
{[%clk 0:01:40]} Rd8 {[%clk 0:00:25]} 27. Bxf6 {[%clk 0:01:39]} Rxd1+
{[%clk 0:00:26]} 28. Qxd1 {[%clk 0:01:39]} gxf6 {[%clk 0:00:27]} 29. Qg4+
{[%clk 0:01:38]} Kf8 {[%clk 0:00:25]} 30. Qb4+ {[%clk 0:01:36]} Kg7
{[%clk 0:00:24]} 31. Qg4+ {[%clk 0:01:31]} Kf8 {[%clk 0:00:25]} 32. Qf5
{[%clk 0:01:24]} Qc1+ {[%clk 0:00:22]} 33. Kh2 {[%clk 0:01:25]} Qc7+
{[%clk 0:00:22]} 34. Kg1 {[%clk 0:01:25]} Qc1+ {[%clk 0:00:23]} 35. Kh2
{[%clk 0:01:24]} Qc7+ {[%clk 0:00:23]} 36. g3 {[%clk 0:01:13]} Qb6
{[%clk 0:00:18]} 1/2-1/2

[Event "d12b"]
[Site "?"]
[Date "2020.08.30"]
[Round "5.3"]
[White "Konkol, Sandra"]
[Black "Wojs, Alicja"]
[Result "0-1"]
[BlackElo "1285"]
[WhiteElo "1141"]
[LiveChessVersion "1.4.8"]

1. c4 {[%clk 0:03:03]} e6 {[%clk 0:03:03]} 2. Nc3 {[%clk 0:03:04]} d5
{[%clk 0:03:05]} 3. cxd5 {[%clk 0:03:05]} exd5 {[%clk 0:03:06]} 4. d4
{[%clk 0:03:06]} c6 {[%clk 0:03:06]} 5. g3 {[%clk 0:03:07]} Bf5 {[%clk 0:03:07]}
6. Bg2 {[%clk 0:03:08]} Nf6 {[%clk 0:03:08]} 7. e3 {[%clk 0:03:08]} Bd6
{[%clk 0:03:08]} 8. Nge2 {[%clk 0:03:09]} O-O {[%clk 0:03:09]} 9. O-O
{[%clk 0:03:09]} Nbd7 {[%clk 0:03:09]} 10. h3 {[%clk 0:03:00]} Re8
{[%clk 0:03:10]} 11. f4 {[%clk 0:03:00]} Be4 {[%clk 0:03:09]} 12. Bxe4
{[%clk 0:02:58]} Nxe4 {[%clk 0:03:10]} 13. Nxe4 {[%clk 0:02:58]} Rxe4
{[%clk 0:03:11]} 14. Nc3 {[%clk 0:02:57]} Re8 {[%clk 0:03:11]} 15. Bd2
{[%clk 0:02:54]} Nf6 {[%clk 0:03:12]} 16. Qe2 {[%clk 0:02:55]} Ne4
{[%clk 0:03:13]} 17. Nxe4 {[%clk 0:02:55]} Rxe4 {[%clk 0:03:13]} 18. Rac1
{[%clk 0:02:42]} Qe7 {[%clk 0:03:14]} 19. Rce1 {[%clk 0:02:36]} Re8
{[%clk 0:03:11]} 20. Kg2 {[%clk 0:02:29]} Rxd4 {[%clk 0:03:01]} 21. exd4
{[%clk 0:01:54]} Qxe2+ {[%clk 0:03:01]} 22. Rxe2 {[%clk 0:01:55]} Rxe2+
{[%clk 0:03:02]} 23. Rf2 {[%clk 0:01:56]} Re4 {[%clk 0:02:59]} 24. Bc3
{[%clk 0:01:55]} Kf8 {[%clk 0:02:59]} 25. Kf3 {[%clk 0:01:52]} Bc7
{[%clk 0:03:00]} 26. Re2 {[%clk 0:01:51]} Rxe2 {[%clk 0:02:58]} 27. Kxe2
{[%clk 0:01:52]} Ke7 {[%clk 0:03:00]} 28. Kf3 {[%clk 0:01:53]} Ke6
{[%clk 0:03:01]} 29. g4 {[%clk 0:01:49]} g6 {[%clk 0:03:00]} 30. Ke3
{[%clk 0:01:42]} Bb6 {[%clk 0:02:48]} 31. Kf3 {[%clk 0:01:39]} h5
{[%clk 0:02:46]} 32. gxh5 {[%clk 0:01:30]} gxh5 {[%clk 0:02:47]} 33. Kg3
{[%clk 0:01:26]} Bd8 {[%clk 0:02:48]} 34. Kf3 {[%clk 0:01:26]} Kf5
{[%clk 0:02:49]} 35. Bd2 {[%clk 0:01:24]} Bf6 {[%clk 0:02:44]} 36. Bc3
{[%clk 0:01:25]} Bg7 {[%clk 0:02:41]} 37. b3 {[%clk 0:01:20]} h4 {[%clk 0:02:38]}
38. Bb2 {[%clk 0:01:18]} c5 {[%clk 0:02:32]} 39. Bc3 {[%clk 0:00:47]} Bxd4
{[%clk 0:02:30]} 40. Be1 {[%clk 0:00:39]} Bf6 {[%clk 0:02:31]} 41. Bf2
{[%clk 0:00:39]} d4 {[%clk 0:02:31]} 42. Be1 {[%clk 0:00:40]} b6 {[%clk 0:02:33]}
43. Bd2 {[%clk 0:00:41]} Be7 {[%clk 0:02:29]} 44. Bc1 {[%clk 0:00:40]} b5
{[%clk 0:02:26]} 45. Bb2 {[%clk 0:00:30]} d3 {[%clk 0:02:26]} 46. Be5
{[%clk 0:00:19]} c4 {[%clk 0:02:20]} 47. bxc4 {[%clk 0:00:16]} bxc4
{[%clk 0:02:21]} 48. Bc3 {[%clk 0:00:17]} Bd6 {[%clk 0:02:21]} 49. Bd2
{[%clk 0:00:18]} c3 {[%clk 0:02:14]} 50. Bxc3 {[%clk 0:00:18]} Bxf4
{[%clk 0:02:15]} 51. Bd4 {[%clk 0:00:10]} d2 {[%clk 0:02:16]} 52. Ke2
{[%clk 0:00:11]} a6 {[%clk 0:02:15]} 53. Bc3 {[%clk 0:00:12]} Ke4
{[%clk 0:02:16]} 54. Bxd2 {[%clk 0:00:12]} Bxd2 {[%clk 0:02:17]} 55. Kxd2
{[%clk 0:00:13]} Kf3 {[%clk 0:02:18]} 56. Kd3 {[%clk 0:00:09]} Kg3
{[%clk 0:02:19]} 57. Ke3 {[%clk 0:00:10]} Kxh3 {[%clk 0:02:20]} 58. Kf3
{[%clk 0:00:11]} f6 {[%clk 0:02:18]} 59. a3 {[%clk 0:00:08]} f5 {[%clk 0:02:19]}
60. a4 {[%clk 0:00:09]} a5 {[%clk 0:02:21]} 61. Kf2 {[%clk 0:00:08]} Kg4
{[%clk 0:02:22]} 62. Kg1 {[%clk 0:00:10]} Kg3 {[%clk 0:02:20]} 63. Kh1
{[%clk 0:00:08]} Kf2 {[%clk 0:02:14]} 64. Kh2 {[%clk 0:00:08]} Ke2
{[%clk 0:02:15]} 65. Kh1 {[%clk 0:00:10]} 0-1

[Event "d12b"]
[Site "?"]
[Date "2020.08.30"]
[Round "5.4"]
[White "Ziobrowska, Maja"]
[Black "Gladyszewska, Kinga"]
[Result "1-0"]
[BlackElo "1124"]
[WhiteElo "1266"]
[LiveChessVersion "1.4.8"]

1. e4 {[%clk 0:03:03]} e5 {[%clk 0:03:03]} 2. Nf3 {[%clk 0:03:04]} Nc6
{[%clk 0:03:04]} 3. Bc4 {[%clk 0:03:05]} Bc5 {[%clk 0:03:04]} 4. c3
{[%clk 0:03:05]} Nf6 {[%clk 0:03:03]} 5. d3 {[%clk 0:03:06]} h6 {[%clk 0:03:03]}
6. Nbd2 {[%clk 0:03:05]} d6 {[%clk 0:03:03]} 7. h3 {[%clk 0:03:02]} O-O
{[%clk 0:03:02]} 8. Nf1 {[%clk 0:03:03]} Qe7 {[%clk 0:02:56]} 9. Ng3
{[%clk 0:03:03]} Be6 {[%clk 0:02:55]} 10. Bb3 {[%clk 0:03:02]} Bxb3
{[%clk 0:02:54]} 11. Qxb3 {[%clk 0:02:55]} Bb6 {[%clk 0:02:52]} 12. O-O
{[%clk 0:02:55]} Qd7 {[%clk 0:02:52]} 13. Nf5 {[%clk 0:02:53]} Ne7
{[%clk 0:02:47]} 14. N3h4 {[%clk 0:02:44]} Nxf5 {[%clk 0:02:19]} 15. Nxf5
{[%clk 0:02:45]} Rfe8 {[%clk 0:02:07]} 16. Bd2 {[%clk 0:02:14]} Qe6
{[%clk 0:02:03]} 17. Qd1 {[%clk 0:02:08]} Rad8 {[%clk 0:01:58]} 18. Qf3
{[%clk 0:02:09]} d5 {[%clk 0:01:35]} 19. exd5 {[%clk 0:01:23]} Rxd5
{[%clk 0:00:40]} 20. d4 {[%clk 0:01:02]} e4 {[%clk 0:00:32]} 21. Nxh6+
{[%clk 0:00:28]} gxh6 {[%clk 0:00:26]} 22. Qg3+ {[%clk 0:00:28]} Kf8
{[%clk 0:00:21]} 23. Bxh6+ {[%clk 0:00:27]} Ke7 {[%clk 0:00:20]} 24. Rfe1
{[%clk 0:00:20]} Kd8 {[%clk 0:00:16]} 25. Bg5 {[%clk 0:00:20]} Kc8
{[%clk 0:00:15]} 26. Re3 {[%clk 0:00:18]} Qf5 {[%clk 0:00:13]} 27. Bxf6
{[%clk 0:00:17]} Qxf6 {[%clk 0:00:14]} 28. Rae1 {[%clk 0:00:16]} Rg5
{[%clk 0:00:12]} 29. Qh2 {[%clk 0:00:13]} Rf5 {[%clk 0:00:12]} 30. R1e2
{[%clk 0:00:12]} Qg6 {[%clk 0:00:08]} 31. Qg3 {[%clk 0:00:12]} Qxg3
{[%clk 0:00:09]} 32. fxg3 {[%clk 0:00:13]} Rg5 {[%clk 0:00:08]} 33. Kh2
{[%clk 0:00:13]} f5 {[%clk 0:00:08]} 34. Re1 {[%clk 0:00:10]} Reg8
{[%clk 0:00:07]} 35. b4 {[%clk 0:00:09]} R5g6 {[%clk 0:00:06]} 36. a4
{[%clk 0:00:10]} a6 {[%clk 0:00:07]} 37. a5 {[%clk 0:00:11]} Ba7 {[%clk 0:00:08]}
38. Rf1 {[%clk 0:00:11]} Rf8 {[%clk 0:00:09]} 39. Rf4 {[%clk 0:00:11]} Rgf6
{[%clk 0:00:10]} 40. Re1 {[%clk 0:00:10]} b6 {[%clk 0:00:11]} 41. Rff1
{[%clk 0:00:10]} bxa5 {[%clk 0:00:12]} 42. bxa5 {[%clk 0:00:08]} Rc6
{[%clk 0:00:12]} 43. Re3 {[%clk 0:00:07]} Kd7 {[%clk 0:00:11]} 44. Rf4
{[%clk 0:00:05]} Rcf6 {[%clk 0:00:08]} 45. Rf1 {[%clk 0:00:05]} Rb8
{[%clk 0:00:08]} 46. Rxe4 {[%clk 0:00:05]} Rb3 {[%clk 0:00:06]} 47. Ref4
{[%clk 0:00:06]} Rxc3 {[%clk 0:00:05]} 48. Rxf5 {[%clk 0:00:07]} Rxf5
{[%clk 0:00:05]} 49. Rxf5 {[%clk 0:00:08]} Rc6 {[%clk 0:00:06]} 50. d5
{[%clk 0:00:09]} Rd6 {[%clk 0:00:08]} 51. g4 {[%clk 0:00:09]} Rg6
{[%clk 0:00:06]} 52. Kg3 {[%clk 0:00:10]} Bb8 {[%clk 0:00:07]} 53. Kf3
{[%clk 0:00:10]} Kd6 {[%clk 0:00:07]} 54. h4 {[%clk 0:00:11]} c6 {[%clk 0:00:07]}
55. dxc6 {[%clk 0:00:11]} Kxc6 {[%clk 0:00:07]} 56. h5 {[%clk 0:00:12]} Rd6
{[%clk 0:00:06]} 57. g5 {[%clk 0:00:13]} Rd3+ {[%clk 0:00:07]} 58. Ke4
{[%clk 0:00:14]} Rd6 {[%clk 0:00:06]} 59. g6 {[%clk 0:00:13]} Rd8
{[%clk 0:00:07]} 60. h6 {[%clk 0:00:13]} Re8+ {[%clk 0:00:08]} 61. Kf3
{[%clk 0:00:14]} Rg8 {[%clk 0:00:09]} 62. g7 {[%clk 0:00:15]} Bd6
{[%clk 0:00:05]} 63. Rf6 {[%clk 0:00:14]} Kd7 {[%clk 0:00:05]} 64. h7
{[%clk 0:00:14]} Rxg7 {[%clk 0:00:05]} 65. h8=Q {[%clk 0:00:14]} Re7
{[%clk 0:00:06]} 66. Qh4 {[%clk 0:00:12]} Bc5 {[%clk 0:00:03]} 67. Qg4+
{[%clk 0:00:11]} Kd8 {[%clk 0:00:04]} 68. Rf8+ {[%clk 0:01:09]} Kc7
{[%clk 0:00:04]} 69. Rc8+ {[%clk 0:01:07]} Kd6 {[%clk 0:00:05]} 70. Rxc5
{[%clk 0:01:06]} Kxc5 {[%clk 0:00:05]} 71. Qg5+ {[%clk 0:01:06]} Kc6
{[%clk 0:00:05]} 72. Qxe7 {[%clk 0:01:05]} Kb5 {[%clk 0:00:05]} 73. g4
{[%clk 0:01:03]} Kc6 {[%clk 0:00:06]} 74. g5 {[%clk 0:01:03]} Kd5
{[%clk 0:00:06]} 75. g6 {[%clk 0:01:04]} Kc6 {[%clk 0:00:07]} 76. g7
{[%clk 0:01:05]} Kb5 {[%clk 0:00:08]} 77. g8=R {[%clk 0:01:03]} Kxa5
{[%clk 0:00:08]} 78. Qb7 {[%clk 0:01:01]} Ka4 {[%clk 0:00:08]} 79. Rg1
{[%clk 0:01:00]} a5 {[%clk 0:00:06]} 80. Ra1# {[%clk 0:01:01]} 1-0